A Textbook of Community Health Nursing -I (Record no. 357677)

MARC details
000 -LEADER
fixed length control field 00452nam a22001697a 4500
005 - DATE AND TIME OF LATEST TRANSACTION
control field 20240402161849.0
008 - FIXED-LENGTH DATA ELEMENTS--GENERAL INFORMATION
fixed length control field 240402b |||||||| |||| 00| 0 eng d
020 ## - INTERNATIONAL STANDARD BOOK NUMBER
International Standard Book Number 9781543347647
041 ## - LANGUAGE CODE
Language code of text/sound track or separate title eng
082 ## - DEWEY DECIMAL CLASSIFICATION NUMBER
Classification number 610.7343
245 ## - TITLE STATEMENT
Title A Textbook of Community Health Nursing -I
Remainder of title For BSc (N) V-semester-Part-A
300 ## - PHYSICAL DESCRIPTION
Extent 544 p
365 ## - TRADE PRICE
Price type code Rs
Price amount 1599
Currency code Rs
651 ## - SUBJECT ADDED ENTRY--GEOGRAPHIC NAME
Geographic name Community Health Nursing
700 ## - ADDED ENTRY--PERSONAL NAME
Personal name kumari Neelam
942 ## - ADDED ENTRY ELEMENTS (KOHA)
Koha item type Donated Book

No items available.